|
|
|
|
| LEADER |
00577nam a22001691a 4500 |
| 082 |
|
|
|a M4
|b KUT/K
|
| 100 |
|
|
|a Kuttikrishna Marar
|9 173634
|
| 245 |
|
|
|a Kala Jeevitam Thanne/
|c by Kuttikrishna Marar
|
| 250 |
|
|
|a 2nd
|
| 260 |
|
|
|a Kozhikode:
|b Marar Sahithya Prakasham,
|c 2010.
|
| 300 |
|
|
|a 360p.
|
| 650 |
|
|
|a Essays Malayalam
|9 173635
|
| 650 |
|
|
|a Literature Malayalam
|9 173636
|
| 650 |
|
|
|a Literature
|9 173637
|
| 942 |
|
|
|c BK
|
| 999 |
|
|
|c 142465
|d 142465
|
| 952 |
|
|
|0 0
|1 0
|4 0
|6 M_4_000000000000000_KUT_K
|7 0
|9 98685
|a SSUS
|b SSUS
|c STACKS
|d 2019-08-16
|g 200.00
|o M4 KUT/K
|p 095833
|r 2020-11-18
|w 2019-08-16
|y BK
|